Statistieken voor Kazachstan Trivia Quiz

Klik hier om de quiz te nemen!

Algemene statistieken

  • Deze quiz is 203 keer genomen
  • De gemiddelde score is 14 van 18

Antwoordstatistieken

HintAntwoord% Correct
Aangrenzende landenRusland
97%
Aangrenzende landenOezbekistan
94%
Meest beoefende religieIslam
93%
Aangrenzende landenTurkmenistan
91%
Aangrenzende landenChina
90%
Aangrenzende landenKirgizië
90%
Land waaruit Kazachstan onafhankelijk werd in 1991Sovjet Unie
86%
HoofdstadAstana
85%
De grootste binnenlandse zee ter wereld, die aan Kazachstan grenstKaspische Zee
82%
Naam van de hoofdstad van maart 2019 tot september 2022Nur-Sultan
82%
Belangrijkste exportOlie
77%
Een groot deel van Kazachstan bestaat uit dit Euraziatische graslandbioomSteppe
67%
Oude handelsroute die door Kazachstan liepZijderoute
66%
Dieren waarvan sommigen geloven dat ze voor het eerst gedomesticeerd werden in de regioPaard
65%
Khan die de regio in de 13e eeuw veroverdeDzjengis Khan
60%
Meest bevolkte stadAlmaty
57%
Ooit de op een na grootste binnenzee ter wereld, is nu bijna volledig verdamptAralzee
55%
Feestdag gevierd op 7 januariKerst
35%

Scoreverdeling

Percentiel versus Aantal Correcte Antwoorden

Procent van Mensen met Elke Score

Uw Scoregeschiedenis

U heeft deze quiz nog niet genomen